| 000 | 00635cam a22002291 4500 | ||
|---|---|---|---|
| 001 | sa 65010171 | ||
| 003 | DLC | ||
| 005 | 20260227112206.0 | ||
| 008 | 940713m19631964ii abc d 000 0 beno | ||
| 010 | _asa 65010171 | ||
| 025 | _aPL480:I-B-1884 | ||
| 035 | _a(OCoLC)30759523 | ||
| 040 |
_aDLC _cCU _dCU _dDLC |
||
| 042 | _apremarc | ||
| 050 | 0 | 0 |
_aAG90.B4 _bS55 |
| 245 | 0 | 0 | _aŚiśu-bhāratī. |
| 260 | _c[1963/64] | ||
| 300 |
_a15, 400 (i.e. 402) p. _bill. (part col.), maps, ports. _c26 cm. |
||
| 500 | _aIn Bengali. | ||
| 650 | 0 | _aChildren's encyclopedias and dictionaries, Bengali. | |
| 700 | 1 |
_aGupta, Jogendra Nath, _d1883- |
|
| 999 |
_c66598 _d66598 |
||